header

The decline of intelligence in America (Record no. 1394)

MARC details
000 -LEADER
fixed length control field 01319nam a2200313 a 4500
082 04 - DEWEY DECIMAL CLASSIFICATION NUMBER
Classification number 153.9/0973
100 1# - MAIN ENTRY--AUTHOR NAME
Personal name Itzkoff, Seymour W.
245 14 - TITLE STATEMENT
Title The decline of intelligence in America
260 ## - PUBLICATION, DISTRIBUTION, ETC. (IMPRINT)
Place of publication Westport, Conn. :
Name of publisher Praeger,
Year of publication 1994.
300 ## - PHYSICAL DESCRIPTION
Number of Pages viii, 242 p.
650 #0 - SUBJECT ADDED ENTRY--TOPICAL TERM
Topical Term Intelligence levels
Topical Term Intellect
856 40 - ELECTRONIC LOCATION AND ACCESS
Uniform Resource Identifier http://site.ebrary.com/lib/rucke/Doc?id=5004833

No items available.

© 2026 Rongo University
Contact us: librarian | system librarian | Rongo university